How to Design a Training Course (Record no. 16247)

MARC details
000 -LEADER
fixed length control field 00635nam a2200241 a 4500
020 ## - INTERNATIONAL STANDARD BOOK NUMBER
ISBN 0826456952
082 00 - DEWEY DECIMAL CLASSIFICATION NUMBER
Classification number 375.002
Author Cutter TAY
100 ## - MAIN ENTRY--AUTHOR NAME
Author name Taylor, Peter
245 ## - TITLE STATEMENT
Title How to Design a Training Course
Sub title Guide to Participatory Curriculum Development
260 ## - PUBLICATION, DISTRIBUTION, ETC. (IMPRINT)
Place of publication New York
Name of publisher Continuum
Year of publication 2006
300 ## - PHYSICAL DESCRIPTION
Number of Pages 170p
500 ## - GENERAL NOTE
General note includes index and biblioraphy
505 2# - FORMATTED CONTENTS NOTE
Formatted contents note Index
650 ## - SUBJECT ADDED ENTRY--TOPICAL TERM
Topical Term Education-Training
942 ## - ADDED ENTRY ELEMENTS (KOHA)
Koha item type Books
700 1# -
-- Taylor, Peter
Holdings
Collection code Home library Current library Date acquired Cost, normal purchase price Full call number Accession Number Koha item type
  Henry Martyn Institute Library Henry Martyn Institute Library 07/06/2009 250.00 375.002 TAY 021604 Books
                   Copyright © 2026 | Henry Martyn Institute | Hyderabad | TS-500052 | INDIA | Implemented by hmi.edu.in
Hit-Count:

Powered by Koha